000 00487nam a2200157Ia 4500
008 090124s9999 xx 000 0 und d
082 _b7244
245 _a शिल्पकार फडके
250 _a1
260 _bविश्र्वकर्मा साहित्यालय़
_c1971
300 _a136
630 _a शिल्पकार फडके
700 _aमोटे ह.वि.
730 _a शिल्पकार फडके
942 _cBOOK
999 _c85446
_d85446